[Event "Petrov Memorial op"]
[Site "St Petersburg"]
[Date "2000.02.15"]
[Round "8"]
[White "Korotylev, Alexey"]
[Black "Lugovoi, Aleksei"]
[Result "1/2-1/2"]
[WhiteElo "2477"]
[BlackElo "2515"]
[Annotator "King,D"]
[PlyCount "40"]
[EventDate "2000.02.05"]
[EventType "swiss"]
[EventRounds "9"]
[EventCountry "RUS"]
[SourceTitle "CBM 076"]
[Source "ChessBase"]
[SourceDate "2000.05.31"]
[SourceVersion "1"]
[SourceVersionDate "2000.05.31"]
[SourceQuality "1"]

1. d4 Nf6 2. c4 e6 3. Nf3 d5 4. Nc3 Be7 5. Bg5 O-O 6. e3 Nbd7 7. Rc1 dxc4 8.
Bxc4 c5 9. O-O a6 10. a4 cxd4 11. exd4 Nb6 12. Bb3 Bd7 13. Bxf6 Bxf6 14. a5 Nc8
15. d5 e5 16. Ne4 Bf5 17. Nxf6+ Qxf6 18. Nd2 Bd3 19. Re1 Nd6 20. Bc2 Bxc2 {
If Black could maintain the knight on d6 then he might have some chance of an
advantage. But, after recapturing on c2, White will play his knight to e4,
exchanging off the blockader, and equalising the position.} 1/2-1/2

[Event "Biel Credis"]
[Site "Biel"]
[Date "1996.??.??"]
[Round "4"]
[White "Gerber, Richard"]
[Black "Casagrande, Harald"]
[Result "0-1"]
[WhiteElo "2395"]
[BlackElo "2365"]
[Annotator "King,D"]
[PlyCount "80"]
[EventDate "1996.07.22"]
[EventType "tourn"]
[EventRounds "11"]
[EventCountry "SUI"]
[EventCategory "10"]
[SourceTitle "CBM 055"]
[Source "ChessBase"]
[SourceDate "1996.12.01"]
[SourceVersion "1"]
[SourceVersionDate "1996.12.01"]
[SourceQuality "1"]

1. d4 Nf6 2. c4 e6 3. Nc3 d5 4. Bg5 Be7 5. e3 O-O 6. Nf3 Nbd7 7. Rc1 h6 8. Bh4
dxc4 9. Bxc4 a6 10. O-O b5 11. Bd3 c5 12. Qe2 Bb7 13. Rfd1 Rc8 14. dxc5 Rxc5
15. Bb1 Qc7 16. Bg3 Qc6 17. a3 Rc8 18. e4 Nf8 19. Bf4 Qe8 20. Ne5 Rd8 21. Rxd8
Qxd8 22. Rd1 Qa8 {At the moment White has the pawn on e4 securely protected,
but the I think the queen still stands well on a8. Eventually, White could be
forced into playing f3, and then the queen will switch diagonals and attempt
to enter on the Black squares.} 23. h3 Rc8 24. Ng4 Nxg4 25. Qxg4 Ng6 26. Bxh6 {
White commits suicide before Black can test his strategy.} gxh6 27. e5 Rc4 28.
Rd4 Rxd4 29. Qxd4 Qf8 30. Qb6 Qc8 31. Qe3 Bg5 32. Qg3 Qc4 33. Bxg6 fxg6 34. h4
Qxh4 35. Qd3 Qg4 36. f3 Qf5 37. Qd6 Qf7 38. a4 bxa4 39. Nxa4 Be3+ 40. Kf1 Kg7
0-1

[Event "ARG-ch"]
[Site "Argentina"]
[Date "1995.??.??"]
[Round "3"]
[White "Tempone, Marcelo"]
[Black "Hoffman, Alejandro"]
[Result "1/2-1/2"]
[WhiteElo "2435"]
[BlackElo "2495"]
[Annotator "King,D"]
[PlyCount "41"]
[EventDate "1995.??.??"]
[EventType "tourn"]
[EventRounds "15"]
[EventCountry "ARG"]
[EventCategory "9"]
[SourceTitle "CBM 049"]
[Source "ChessBase"]
[SourceDate "1995.12.01"]
[SourceVersion "1"]
[SourceVersionDate "1995.12.01"]
[SourceQuality "1"]

1. Nf3 Nf6 2. c4 e6 3. d4 d5 4. Nc3 Be7 5. Bg5 O-O 6. e3 Nbd7 7. Rc1 dxc4 8.
Bxc4 a6 9. a4 c5 10. O-O cxd4 11. Qxd4 Qa5 12. e4 Bc5 13. Qd2 Bb4 14. Qe2 Ng4
15. Bf4 Nge5 16. Nxe5 Nxe5 17. Rfd1 Nxc4 18. Qxc4 Bxc3 19. bxc3 e5 20. Rd5 b5
21. Rxe5 (21. Rxe5 Be6 22. Qd4 Rfd8 23. Qe3 Qxa4 24. h3 Rd1+ 25. Kh2 Rxc1 26.
Qxc1 Qc4 $15) 1/2-1/2

[Event "EU-ch 13th"]
[Site "Plovdiv"]
[Date "2012.03.31"]
[Round "11"]
[White "Grandelius, Nils"]
[Black "Roiz, Michael"]
[Result "1/2-1/2"]
[WhiteElo "2545"]
[BlackElo "2652"]
[Annotator "Krasenkow,M"]
[PlyCount "81"]
[EventDate "2012.03.20"]
[EventType "swiss"]
[EventRounds "11"]
[EventCountry "BUL"]
[SourceTitle "CBM 148"]
[Source "ChessBase"]
[SourceDate "2012.05.16"]
[SourceVersion "1"]
[SourceVersionDate "2012.05.16"]
[SourceQuality "1"]

1. d4 Nf6 2. c4 e6 3. Nf3 d5 4. Nc3 Nbd7 5. Bg5 h6 6. Bh4 Be7 7. e3 O-O 8. Rc1
c5 {A rare system, dubious from the classical point of view. Black opens up
the game without sufficient development. However, no refutation has been
demonstrated so far.} 9. cxd5 Nxd5 10. Bxe7 Nxe7 11. Bd3 {The other ways to
develop this bishop:} (11. Bb5 {hardly makes sense:} cxd4 12. Nxd4 Nf6 13. O-O
a6 (13... Bd7 $143 14. Qb3 Bxb5 15. Qxb5 Qb6 16. Qxb6 axb6 17. a3 Rfd8 18. Rfd1
Kf8 19. Kf1 Nc6 20. Ndb5 $14 {1-0 Vachier Lagrave,M (2682)-Radulski,J (2552)/
Plovdiv BUL 2012/The Week in Chess 907 (50)}) 14. Be2 Bd7 15. Bf3 Rb8 16. Nb3 {
1/2 Zakhartsov,V (2529)-Radulski,J (2580)/Cappelle la Grande 2009/CBM 129 Extra
}) (11. Be2 {is probably the most appropriate. This bishop can later go to f3
as in the following game:} cxd4 (11... b6 $5 12. O-O Bb7 13. dxc5 Nxc5 14. b4
$5 Ne4 15. Nxe4 Bxe4 16. Qa4) 12. Nxd4 Nf6 13. O-O Bd7 14. Qb3 Qa5 15. Rfd1
Rab8 16. Bf3 Rfd8 17. a3 a6 18. Qa2 Qg5 19. Ne4 Nxe4 20. Bxe4 Qe5 21. Qb1 Bc6
22. Nxc6 bxc6 23. Rxd8+ Rxd8 24. Qc2 Rb8 25. Rb1 $14 {1/2 Gajewski,G (2568)
-Radulski,J (2577)/Cappelle la Grande 2010/CBM 134 Extra (41)}) 11... Nc6 (
11... cxd4 $5 12. exd4 b6 13. O-O Bb7 14. Qe2 Nd5 15. Bb1 N7f6 16. Rfd1 Re8 17.
Qd2 Rc8 $11 {1-0 Barcenilla,R (2355)-Al Harazi,K/Asia 1989/EXT 2004 (51)}) 12.
Bb1 cxd4 13. Nxd4 Nxd4 14. Qxd4 Nf6 {White's queen doesn't come to the b1-h7
diagonal, and his manoeuvre Bf1-d3-b1 proves useless.} 15. Qb4 a5 16. Qb3 Bd7
17. O-O Bc6 $11 18. Rfd1 Qe7 19. h3 Rfd8 20. Rxd8+ Qxd8 21. Rd1 Qc7 22. Qc4 Rd8
23. Rd4 Rd7 24. Rxd7 Qxd7 25. Qd3 Kf8 26. Qxd7 Bxd7 {The only thing left for
both players is reaching move 40.} 27. Ne4 Nxe4 28. Bxe4 b6 29. Kf1 Ke7 30. Ke2
Kd6 31. h4 e5 32. Kd3 Be6 33. a3 f6 34. g3 g5 35. Kc3 gxh4 36. gxh4 Kc5 37. b4+
axb4+ 38. axb4+ Kd6 39. f4 Bf7 40. Bc2 Be6 41. Bd3 1/2-1/2

[Event "USA-ch"]
[Site "Saint Louis"]
[Date "2012.05.15"]
[Round "7"]
[White "Lenderman, Aleksandr"]
[Black "Seirawan, Yasser"]
[Result "1/2-1/2"]
[WhiteElo "2587"]
[BlackElo "2643"]
[Annotator "Let's Check"]
[PlyCount "105"]
[EventDate "2012.05.08"]
[EventType "tourn"]
[EventRounds "11"]
[EventCountry "USA"]
[EventCategory "16"]
[SourceTitle "CBM 149"]
[Source "ChessBase"]
[SourceDate "2012.07.17"]
[SourceVersion "1"]
[SourceVersionDate "2012.07.17"]
[SourceQuality "1"]

1. d4 Nf6 2. c4 e6 3. Nf3 d5 4. Nc3 Nbd7 5. Bg5 h6 6. Bh4 Be7 7. e3 O-O 8. Rc1
a6 9. c5 Ne4 10. Bxe7 Qxe7 11. Nxe4 dxe4 12. Nd2 Nf6 13. Nc4 Bd7 14. Ne5 Bb5
15. Qc2 Bxf1 16. Kxf1 Qd8 17. h4 h5 18. Qe2 g6 19. g4 hxg4 20. h5 g5 $6 (20...
gxh5 21. c6 b6 $17) 21. h6 $14 Kh7 22. b3 Qe7 23. c6 b6 24. Nd7 Rg8 25. Nxf6+
Qxf6 26. Qxg4 Qf3 27. Qxf3 exf3 28. Ke1 Rad8 29. Kd2 Rd6 30. Kd3 f5 31. Rh5 e5
32. Rg1 e4+ 33. Kc4 Rxc6+ $2 (33... f4 34. exf4 g4 $19) 34. Kd5 $11 Rc2 35.
Rhxg5 Rxg5 36. Rxg5 Rxa2 37. Rxf5 Rxf2 38. Kxe4 Kxh6 39. Rf6+ Kg5 40. Rc6 Rb2
41. Kxf3 Rxb3 42. Ke4 a5 43. Rxc7 Kf6 44. Kf4 Ke6 45. e4 Kd6 46. Rh7 a4 47. e5+
Kd5 48. Rd7+ Kc6 49. Ra7 b5 50. Ke4 Kb6 51. Ra8 Kb7 52. Ra5 Kb6 53. Ra8 1/2-1/2

[Event "Bundesliga 0203"]
[Site "Germany"]
[Date "2003.03.08"]
[Round "12.5"]
[White "Pelletier, Yannick"]
[Black "Berndt, Stephan"]
[Result "1-0"]
[WhiteElo "2587"]
[BlackElo "2482"]
[Annotator "Pelletier,Y"]
[PlyCount "203"]
[EventDate "2002.10.19"]
[EventType "team-tourn"]
[EventRounds "15"]
[EventCountry "GER"]
[SourceTitle "EXT 2004"]
[Source "ChessBase"]
[SourceDate "2003.11.25"]
[SourceVersion "1"]
[SourceVersionDate "2003.11.25"]
[SourceQuality "1"]
[WhiteTeam "Werder Bremen"]
[BlackTeam "Neukoelln"]
[WhiteTeamCountry "GER"]
[BlackTeamCountry "GER"]

1. Nf3 Nf6 2. c4 e6 3. Nc3 d5 4. d4 Be7 5. Bg5 O-O 6. e3 Nbd7 7. Rc1 a6 8. cxd5
exd5 9. Bd3 c6 10. O-O Re8 11. Qb3 {Mit diesem Zug möchte ich aus der leichten
Schwächung des Feldes b6 Profit schlagen.} Nf8 12. Na4 {[%csl Rb6]} Ne6 13.
Bxf6 Bxf6 14. Nb6 Rb8 15. Bf5 g6 16. Bh3 Bg7 17. Nxc8 Qxc8 {[%cal Gf7f5]} 18.
Bxe6 ({Sonst geschieht f7-f5, und falls} 18. e4 dxe4 19. Ng5 f5 20. Rfe1 h6 {
hat Weiss nichts.}) 18... Qxe6 19. Qc3 {[%cal Gb2b4,Gb4b5,Ga2a4] Mit dem
üblichen Plan in diesen Stellungen (Minoritätsangriff) soll Weiss die
Initiative übernehmen.} h6 20. b4 g5 {Logischerweise konntert Schwarz am
Königsflügel, aber es bleibt auf dem Brett zu wenig Figuren, damit der weisse
König in Gefahr gerät.} 21. a4 Rbc8 22. Ne1 f5 23. Nd3 Qf7 24. Rfe1 f4 25. exf4
gxf4 26. Rxe8+ (26. Ne5 Qf5 27. Nf3 Re4) 26... Rxe8 27. Ne1 $1 {[%csl Yd4,Rf4]
[%cal Ge1f3,Gf3d4] Diese Umgruppierung ist nötig, um d4 zu decken, und sich
vor dem Vorstoss f3 zu schützen. Schwarz besitzt zwar die e-Linie, aber mit
einem einzigen Turm auf dem Brett, ist dieser Faktor nicht sehr wichtig. Zumal
Weiss dank dem Vorstoss b5 auch eine offene Linie für seinen Turm erhalten
soll.} Re6 28. Nf3 b5 {(=)} 29. axb5 axb5 30. Qa3 {[%cal Ga1a8]} Qe7 31. h3 Bf8
32. Qa8 Qxb4 33. Rxc6 {[%csl Rb5,Rd5,Rf4] Weiss hat sein strategisches Ziel
erreicht: die schwarzen Bauern sind schwach, und auch ist es um den König sehr
luftig.} Qb1+ 34. Kh2 Qf5 35. Rc5 $2 ({Anstatt dieses materialistischen Zuges
war} 35. Rc8 $18 {[%csl Rg8] viel kräftiger.}) 35... b4 36. Rxd5 Qe4 {Nun kann
Weiss den Damentausch kaum vermeiden, was dem schwarzen König die Rettung
verspricht.} 37. Nd2 Re8 38. Nxe4 (38. Qa2 Qe6) 38... Rxa8 39. Rb5 Rd8 40. d5
Kf7 41. f3 $6 ({Man musste energischer mit} 41. h4 b3 (41... f3 $6 42. g4 Re8
43. Rb7+ $18) 42. Kh3 $16 {[%csl Rf4][%cal Gh3g4] vorgehen.}) 41... b3 42. Rb7+
Kg6 43. d6 ({Nu jetzt wurde mir klar, dass Weiss nach} 43. Rb6+ Kf5 44. d6 Ke5
$1 {nicht gewinnt, z.B:} 45. Rxb3 (45. Rb5+ Kd4 46. Rxb3 Bxd6 47. Rb2 Be7 48.
Rd2+ Ke5 49. Rxd8 Bxd8) 45... Bxd6 46. Rb5+ Kd4 47. Rf5 Ke3) 43... Bxd6 44. Rb6
b2 45. Nxd6 b1=Q 46. Rxb1 Rxd6 47. Rb5 {Dieses Turmendspiel kann Weiss nicht
ohne gegnerischen Fehler gewinnen.} Rc6 48. h4 h5 $1 49. Rg5+ Kh6 50. Rf5 Rc4
51. Kh3 Rb4 52. Re5 Rb1 53. Re6+ $6 ({Zeitverlust. Der richtige} 53. Kh2 {
geschieht in 10 Zügen...}) 53... Kg7 54. Kh2 Rb4 55. Re5 Kg6 56. Re1 Ra4 57.
Kh3 Kf6 58. Rb1 Kg6 59. Rb6+ Kg7 60. Rb5 Kg6 61. Rg5+ Kh6 62. Re5 Ra1 63. Kh2
Ra6 64. Re4 Rf6 65. Kg1 {Da der schwarze Turm an die Vertiedigung von f4
passiv gebunden ist, kann Weiss versuchen, seinen König aus dem Käfig zu
bringen.} Kg6 66. Kf2 Kh6 67. Rc4 Kg7 68. Rd4 Kh6 69. Ke1 Rg6 {[%csl Rg2] Aber
gegen diesen Gegenangriff ist nur wenig zu machen.} 70. Rd2 Ra6 71. Ke2 Kg6 72.
Rd4 (72. Rc2) 72... Kf5 73. Rd5+ Kg6 74. Rd2 Kf5 75. Rc2 Re6+ 76. Kd2 Rd6+ 77.
Kc1 Re6 78. Rc5+ Kg6 ({Das Bauernendspiel nach} 78... Re5 $2 79. Rxe5+ Kxe5 80.
Kd2 Kd4 {ist verloren:} 81. Ke2 Kc3 82. Kf2 Kd3 83. g3 fxg3+ 84. Kxg3 Ke3 85.
Kg2 Kd4 86. Kh3 Kd3 87. Kh2 Kd4 88. Kg2 $18 {und Schwarz muss den gegnerischen
König durchlassen.}) 79. Kd2 Rd6+ 80. Kc3 Rd1 ({Einfacher war} 80... Ra6 81.
Kd3 (81. Kd4 Ra2 82. Rg5+ Kh6 83. Ke5 Ra4 84. Kf5 Rb4 85. Rg6+ Kh7 86. Rf6 Rb2
$11) 81... Ra4 82. Rc4 Ra2 83. Rc2 Ra4 84. Rc6+ Kg7 85. Rc4 Ra2 86. Rc2 Ra4 $11
{usw.}) 81. Rg5+ Kh6 82. Rb5 Rh1 ({Nach} 82... Rd6 $11 {wäre noch nichts
passiert.}) 83. Rb6+ Kg7 84. Kd4 Rxh4 85. Ke5 Rh2 86. Rb2 Kg6 $1 87. Kxf4 Rh4+
88. Kg3 Ra4 89. Rb5 Rc4 90. Kh3 Ra4 $2 ({Mit dem schwarzen Bauern auf h5 ist
der Rettungsweg nicht offensichtlich. Stephan verfügte nur über wenige Minuten
auf der Uhr, und fand die richtige Verteidigungsidee nicht. Er hätte das
folgende Mannöver kennen müssen:} 90... Rc3 91. Rb1 Kh6 92. Rf1 {(sonst kommen
die weissen Bauern nicht weiter)} Ra3 93. g3 Rb3 94. f4 Rb8 $1 95. Re1 Rg8 $1 {
[%csl Rg3]} 96. Re6+ Kh7 97. Kh4 Rg4+ {mit Remis.}) 91. g3 Rc4 ({Jetzt kommt} 
91... Kh6 {zu spät:} 92. f4 Ra8 93. Kh4 $18) 92. f4 Rc1 93. Rb6+ Kg7 94. Kh4
Rh1+ 95. Kg5 h4 96. Rb7+ Kf8 97. gxh4 ({Einfacher war} 97. Rh7 h3 98. Kg4 h2
99. Kf3 $18 {Aber wenn der König auf der 8.Reihe abgeschnitten ist, gewinnen
in der Regel die Bauern f und h.}) 97... Ra1 98. f5 Kg8 99. Rd7 Ra2 100. Kg6
Rg2+ 101. Kf6 Ra2 102. h5 $138 1-0

[Event "Sarajevo Bosnia 28th"]
[Site "Sarajevo"]
[Date "1998.06.06"]
[Round "9"]
[White "Piket, Jeroen"]
[Black "Georgiev, Kiril"]
[Result "1/2-1/2"]
[WhiteElo "2575"]
[BlackElo "2675"]
[Annotator "Piket,L"]
[PlyCount "132"]
[EventDate "1998.05.29"]
[EventType "tourn"]
[EventRounds "9"]
[EventCountry "BIH"]
[EventCategory "15"]
[SourceTitle "CBM 066"]
[Source "ChessBase"]
[SourceDate "1998.09.30"]
[SourceVersion "1"]
[SourceVersionDate "1998.09.30"]
[SourceQuality "1"]

1. d4 {Hecht} Nf6 2. Nf3 d5 3. c4 e6 4. Nc3 Nbd7 5. Bg5 h6 6. Bh4 Be7 7. e3 O-O
8. Rc1 c6 9. Bd3 dxc4 10. Bxc4 c5 (10... b6) 11. O-O a6 12. a4 b6 $5 (12...
cxd4 13. exd4 Nb6 14. Bb3 Bd7 15. Ne5 Bc6) 13. Bg3 Bb7 14. d5 exd5 15. Nxd5 (
15. Bxd5 $5 Qc8 (15... Nxd5 16. Nxd5 Bxd5 17. Qxd5 Ra7 18. Rfd1) 16. e4) 15...
Nxd5 16. Bxd5 Qc8 $6 (16... Ra7 17. Bxb7 Rxb7 18. Qd5 Qa8 19. Rfd1 b5 $13 (
19... Nf6)) 17. Nd4 $1 $14 Nf6 (17... Bxd5 18. Nf5) (17... g6 18. Qf3 (18. Ne6
$2 Bxd5 19. Nxf8 Nf6 20. Be5 Qc6) 18... Bxd5 19. Qxd5 Nf6 20. Qf3 $14) 18. Bxb7
Qxb7 19. Nf5 Rfd8 (19... Rfe8 20. Bh4 $5 (20. Be5 $5) 20... Qc6 21. Qf3 Qxf3
22. gxf3 Bd8 (22... Nd5 23. Bxe7 Nxe7 24. Nd6 Red8 25. Rfd1) 23. Rfd1) (19...
Ra7 $2 20. Nxe7+ Qxe7 21. Bd6) 20. Qf3 $1 Ra7 $8 (20... Qxf3 21. Nxe7+ Kf8 22.
gxf3 Kxe7 23. Bc7) 21. Rfd1 (21. Bh4 Qxf3 (21... Nd5 22. Rfd1 $1 Bxh4 23. Nxh4)
22. gxf3 Nd5 23. Nxe7+ Nxe7 24. Rfd1 Rad7 25. Rxd7 Rxd7 26. Bxe7 Rxe7 27. a5
$11) 21... Rxd1+ 22. Rxd1 (22. Qxd1 Qe4) 22... Qxf3 23. gxf3 Nh5 (23... Kf8 24.
Bd6 $1 Bxd6 25. Rxd6 Nd7 26. Rc6 f6 27. f4 $16) (23... Ne8 $5 24. Nxe7+ Rxe7
25. Rd8 $14) 24. Be5 $5 (24. Nxe7+ Rxe7 25. Rd8+ Kh7 26. Bd6 Re6 (26... Rb7 27.
Kf1 $5 Nf6) 27. a5 bxa5 28. Bxc5) (24. Bb8 $5 Rb7 25. Nxe7+ Rxe7 26. Rd6 Rb7 (
26... Re6 27. Rxe6 fxe6 28. Ba7) 27. Rd8+ Kh7 28. Be5 $5) 24... Kh7 25. f4 Bf6
26. Rd5 $6 (26. Kf1 $1 g6 27. Nd6 Bxe5 28. fxe5 Ng7 29. Ne4 Ne6 30. f4 b5 31.
a5 c4 32. Rd6 Kg7 33. h4 $16) 26... g6 27. Ng3 (27. Nd6 Rd7 $1 28. a5 (28. Rd2
{/\29. Nc4}) 28... bxa5 29. Rxc5 Be7 30. Rc6 f6 $19) 27... Bxe5 28. fxe5 Nxg3 (
28... Ng7 29. f4 $1 {/\30. Ne4}) 29. hxg3 c4 30. Kf1 Rc7 31. Rd6 b5 $1 (31...
Rb7 32. Ke2 b5 33. a5 b4 34. Rb6) 32. Rxa6 bxa4 33. Rxa4 h5 $1 (33... c3 34.
bxc3 Rxc3 35. g4 (35. Ra7 Kg8 36. g4 Rc5 37. f4 g5 38. Ke2)) 34. Ke2 (34. f4 $6
c3 35. bxc3 Rxc3 36. Kf2 Rc2+ 37. Kf3 Rc1 $1 {/\Rg1Xg3} 38. Ra7 Kg8) 34... c3 (
34... Rb7 35. Ra2 $5 (35. Rxc4 Rxb2+ 36. Ke1) 35... Rb3 (35... Rb5 $5 36. Kd2 (
36. f4 Rb3 37. Kf3 Kg7 38. Ke4 (38. Ra4) 38... c3 39. bxc3 Rxc3 40. Ra7 Rc6 (
40... Kf8)) 36... Rxe5 37. Kc3 Rc5 38. Ra4 g5) 36. Kd2) 35. bxc3 Rxc3 36. e6 $5
(36. Ra7 Kg8 37. f4 Rc1 $1 38. Kf3 Rg1) 36... fxe6 37. Ra6 Rc2+ 38. Ke1 (38.
Kf3 e5 39. Ra5 (39. Re6 Rc5) 39... e4+) 38... e5 39. Ra5 e4 40. Ra4 g5 41. Rxe4
{[#] Hecht: 3-2 Bauern am Königsflügel bei einem weißen Freibauern. Da Schwarz
die Position aber blockieren kann und der weiße König unsgünstig steht, ist
ein Gewinn nur schwer möglich.} g4 42. Re6 Kg7 43. Rd6 Ra2 44. Rd2 Ra5 (44...
Ra4 $5 45. Ke2 Kg6 46. f4 gxf3+ (46... Ra1 47. e4) 47. Kxf3 Ra1 (47... Kf5 48.
Rd5+ Kg6 49. e4 Ra1)) 45. Ke2 Ra3 46. e4 (46. f4 gxf3+ 47. Kxf3 Ra8 {Hecht:Der
schwarze Turm steht für Schachs auf der 8.Reihe und der a-Linie bereit. Der
schwarze König geht zunächst nach g6 und wenn möglich nach g5. Bezogen auf den
e-Bauern steht der schwarze König (nach dem Verschwinden der Bauern g/h)
günstig auf der kurzen Seite. Ein weiteres Remisindiz.} 48. Rd5 $14 Kg6) 46...
Kg6 (46... Rf3 47. Rd3 Rf7 48. f4 gxf3+ 49. Rxf3 Ra7 50. Ke3) 47. Rd3 Ra8 48.
Ke3 (48. f4 gxf3+ 49. Kxf3 (49. Rxf3 Kg5) 49... Rf8+ 50. Ke3 Kg5 (50... Rf1 $5)
51. Rd7 Rg8 52. Rf7 $1 Kg4 53. Kf2 (53. Rf5 Rh8) 53... Re8 (53... Ra8 54. Rg7+
Kh3 55. Kf3) (53... h4 54. Rf4+) 54. Rf4+ Kg5 55. Kf3 Ra8 56. Rf5+ Kg6 57. Kf4)
48... Rf8 49. Rd2 Kg5 50. Rb2 (50. Ke2 Re8 51. Rd5+ Kg6 52. Rd4 Rf8 53. Rd3 Re8
54. Re3 Kg5 $1 (54... Kf6 55. f4 gxf3+ 56. Kxf3 Ke5 57. Rd3 Rf8+ 58. Ke3 Rg8
59. Rd5+ Ke6 60. Kf4)) 50... Rf3+ 51. Kd4 Kf6 $1 $11 52. e5+ Ke7 53. Ra2 Ke6
54. Ke4 Ke7 55. Kd5 Rd3+ $8 56. Ke4 Rf3 57. Re2 Rf8 (57... Ke6 58. Rd2 Ke7 $2 (
58... Rf8) 59. Kd5 $1) 58. Rd2 Ke6 59. Rd6+ Ke7 60. Rh6 Rxf2 61. Rxh5 Rf3 62.
Rh7+ Ke6 63. Rh6+ Ke7 64. Rg6 Rxg3 65. Kf4 Rf3+ 66. Kxg4 Rf1 1/2-1/2

[Event "George Marx Memorial 3rd"]
[Site "Paks"]
[Date "2005.06.22"]
[Round "10"]
[White "Sasikiran, Krishnan"]
[Black "Berkes, Ferenc"]
[Result "1/2-1/2"]
[WhiteElo "2642"]
[BlackElo "2617"]
[Annotator "Postny,E"]
[PlyCount "63"]
[EventDate "2005.06.12"]
[EventType "tourn"]
[EventRounds "10"]
[EventCountry "HUN"]
[EventCategory "15"]
[SourceTitle "CBM 108"]
[Source "ChessBase"]
[SourceDate "2005.09.26"]
[SourceVersion "1"]
[SourceVersionDate "2005.09.26"]
[SourceQuality "1"]

1. Nf3 Nf6 2. c4 e6 3. Nc3 d5 4. d4 Be7 5. Bg5 O-O 6. e3 Nbd7 7. Rc1 a6 8. c5 {
Gaining space on the queenside.} b6 {A very rare move, but already played by
Ferenc Berkes before.} ({The main line is} 8... c6 {where black is trying to
carry out the e6-e5 advance in the near future.}) 9. cxb6 $6 $146 {This is
rather unusual, and looks to me like a concession. It is more logical to try
to keep the space advantage.} (9. b4 a5 10. a3 (10. c6 axb4 11. cxd7 Bxd7 12.
Bxf6 gxf6 13. Nb1 Rxa2 14. Bd3 Ba4 15. Bc2 Rxc2 16. Rxc2 c5 17. Qc1 Bxc2 18.
Qxc2 c4 19. Nbd2 b5 $17 {0-1 Sebenik,M-Berkes,F/Balatonlelle 2001 (52)}) 10...
axb4 11. axb4 Ne4 12. Bxe7 Qxe7 13. Bb5 bxc5 14. bxc5 Ra5 15. Bxd7 Bxd7 16. O-O
Nxc3 17. Rxc3 Bb5 18. Re1 Rfa8 19. h3 c6 $11 {1/2-1/2 Sulava,N-Berkes,F/Pula
2001 (33)}) (9. c6 Nb8 10. Qa4 Ne8 11. h4 Nd6 12. Nb5 axb5 13. Qxa8 Na6 14. a4
Ne4 15. axb5 Nb4 16. Bxe7 Qxe7 17. Qa3 $18 {1-0 Popov,E-Chubakov,A/Tomsk 2003 
(20)}) 9... c5 $1 10. Be2 Qxb6 11. O-O $6 {Sasikiran does not to make a
passive move like 11.b3, but objectively speaking, white has not enough ground
for a sacrifice.} (11. b3 $11) 11... Qxb2 12. Na4 Qa3 (12... Qxa2 $4 13. Ra1
$18 {[%csl Ra2]}) 13. Rc3 Qb4 14. Qc2 c4 15. Rb1 Qa5 16. Ne5 Bd6 ({The
follwoing variation is quite risky, but seems to work fine for black:} 16...
Nxe5 $1 17. dxe5 Bd7 $1 18. exf6 (18. Nb6 Ne4 19. Rxc4 (19. Bxe7 Qxc3 $19)
19... Nxg5 20. Rc7 Rab8 21. Rxd7 Ba3 $19 {[%csl Rb6]}) 18... Bxa4 (18... Bxf6
$2 19. Bxf6 Bxa4 20. Qd2 gxf6 21. e4 $44 {[%csl Rg8]}) 19. fxe7 Bxc2 20.
exf8=Q+ Rxf8 21. Rxc2 d4 $17 {[%csl Rg5][%cal Gd4d3]}) 17. Nc6 {Going for all
or nothing.} Qc7 18. Bxc4 $1 Ne4 (18... dxc4 $2 19. Rxc4 Kh8 20. e4 Bxh2+ 21.
Kh1 Bf4 22. Ne5 Qxc4 23. Qxc4 Bxg5 24. Qc6 Ra7 25. Nxf7+ Rxf7 26. Qxc8+ Rf8 27.
Qc6 {and white's queen is stronger than black's discoordinated pieces.}) 19.
Bxd5 $1 {[%mdl 512] White's sacrifices are as forced as imaginative.} Nxc3 20.
Nxc3 exd5 21. Nxd5 Bxh2+ 22. Kh1 Qd6 23. e4 {Calmly developing the initiative
with a full rook down... White's great activity gives him a certain
compensation, but objectively should not be sufficient.} Kh8 $1 24. Rb3 (24. g3
Bxg3 25. fxg3 Qxg3 $17) 24... Nf6 $2 {This natural move spoiles black's
advantage.} (24... Qg6 $1 25. f4 f6 26. Nce7 Qf7 27. Kxh2 fxg5 28. fxg5 g6 {
and black's extra rook should tell.}) 25. Nxf6 gxf6 26. e5 Bxe5 $1 (26... fxe5
27. Qc5 $1 (27. Be7 $2 Qh6 28. Bxf8 Qh5) 27... Qxc5 28. Bf6+ Kg8 29. Kxh2 $1
Re8 (29... h5 30. dxc5 $36) 30. Rg3+ Kf8 31. Bg7+ Kg8 32. Bxe5+ Kf8 33. dxc5
$14) 27. dxe5 fxe5 {[%tqu "En","Please enter a move for White.","","","c2c5",
"A nice tactical touch which forces black to give a perpetual check.",10]} 28.
Qc5 $1 {[%mdl 2112] A nice tactical touch which forces black to give a
perpetual check.} Qd1+ (28... Qxc5 $4 29. Bf6+ Kg8 30. Rg3+ Bg4 31. Rxg4#) 29.
Kh2 Qh5+ 30. Kg1 ({The only way to avoid a perpetual check was} 30. Rh3 $5 {
, but after} Qxg5 31. Qxf8+ Qg8 32. Qxg8+ Kxg8 33. Rg3+ Kf8 34. Nxe5 Be6 {
the endgame is equal.}) 30... Qd1+ 31. Kh2 Qh5+ 32. Kg1 {One can rarely see
such an exciting game in the classic Queens gambit.} 1/2-1/2